Statistics for Belgische provinciehoofdsteden

Click here to take the quiz!

General Stats

  • This quiz has been taken 31 times
  • The average score is 9 of 10

Answer Stats

HintAnswer% Correct
AntwerpenAntwerpen
100%
West-VlaanderenBrugge
100%
Oost-VlaanderenGent
100%
LuikLuik
100%
LimburgHasselt
96%
NamenNamen
96%
LuxemburgAarlen
87%
HenegouwenBergen
87%
Vlaams-BrabantLeuven
87%
Waals-BrabantWaver
78%

Score Distribution

Percentile by Number Answered

Percent of People with Each Score

Your Score History

You have not taken this quiz